Metalurgický průmysl v Rusku stabilizován
Stabilizácia čiernej metalurgie v Rusku podľa predsedu Výboru Ruskej federácie pre metalurgiu. Hlavné úlohy ruskej metalurgie. Tabuľkové údaje o zahraničnom obchode železných kovov a produkcii čiernej metalurgie v r.1993-1994. Vývoz čiernej metalurgie do USA, západnej Európy a do ázijského regiónu.
Gespeichert in:
| Format: | Buchkapitel |
|---|---|
| Sprache: | Tschechisch |
| Schlagworte: | |
| Tags: |
Keine Tags, Fügen Sie das erste Tag hinzu!
|
MARC
| LEADER | 00000naa a2200000 4500 | ||
|---|---|---|---|
| 001 | r019855 | ||
| 005 | 20221205102831.4 | ||
| 041 | 0 | |a cze | |
| 044 | |a CZ | ||
| 245 | 1 | 0 | |a Metalurgický průmysl v Rusku stabilizován |
| 520 | |a Stabilizácia čiernej metalurgie v Rusku podľa predsedu Výboru Ruskej federácie pre metalurgiu. Hlavné úlohy ruskej metalurgie. Tabuľkové údaje o zahraničnom obchode železných kovov a produkcii čiernej metalurgie v r.1993-1994. Vývoz čiernej metalurgie do USA, západnej Európy a do ázijského regiónu. | ||
| 610 | 2 | 0 | |a metalurgia čierna |
| 610 | 2 | 0 | |a oceľ |
| 610 | 2 | 0 | |a železo |
| 610 | 2 | 0 | |a kovy železné |
| 610 | 2 | 0 | |a výrobky hutnícke |
| 610 | 2 | 0 | |a trh vnútorný |
| 610 | 2 | 0 | |a obchod zahraničný |
| 610 | 2 | 0 | |a Rusko |
| 610 | 2 | 0 | |a 1993-1994 |